Statistics for 3-Letter Scrabble Words that start with "N"

Click here to take the quiz!

General Stats

  • This quiz has been taken 257 times
  • The average score is 29 of 35

Answer Stats

Answer% Correct
nag
95%
nab
94%
net
94%
not
94%
nap
93%
nit
92%
now
91%
nor
91%
new
91%
nip
91%
nan
91%
nut
90%
nod
90%
nay
89%
nun
87%
nib
87%
nam
87%
nae
87%
naw
86%
nog
85%
nil
85%
nob
85%
nah
84%
nix
82%
nub
82%
nee
82%
neg
81%
nim
81%
nos
81%
nom
78%
neb
76%
noo
75%
noh
74%
nus
73%
nth
11%

Score Distribution

Percentile by Number Answered

Percent of People with Each Score

Your Score History

You have not taken this quiz